50 US States by Czech Ancestry - Statistics

General Stats
  • This quiz has been taken 34 times
  • The average score is 40 of 51
Answer Stats
# of people State % Correct
43,081 New York
94%
3,052 Alaska
87%
78,712 California
87%
42,127 Michigan
87%
193,058 Texas
87%
27,016 Arizona
84%
50,329 Florida
84%
13,621 Georgia
84%
1,951 Hawaii
84%
20,215 Kansas
84%
4,627 New Mexico
84%
42,677 Pennsylvania
84%
8,517 South Carolina
84%
6,409 Arkansas
81%
1,696 Delaware
81%
5,976 Idaho
81%
96,288 Illinois
81%
2,968 Maine
81%
17,240 Maryland
81%
84,804 Minnesota
81%
23,398 Missouri
81%
10,958 North Dakota
81%
57,266 Ohio
81%
18,316 Oregon
81%
10,133 Tennessee
81%
21,530 Virginia
81%
29,908 Washington
81%
2,762 West Virginia
81%
4,485 Alabama
77%
4,328 Kentucky
77%
1,686 Mississippi
77%
80,272 Nebraska
77%
8,064 Nevada
77%
17,702 North Carolina
77%
1,572 Rhode Island
77%
18,038 South Dakota
77%
3,244 Wyoming
77%
10,646 Connecticut
74%
15,572 Indiana
74%
50,980 Iowa
74%
3,549 Louisiana
74%
12,515 Massachusetts
74%
3,162 New Hampshire
74%
15,842 Oklahoma
74%
6,083 Utah
74%
2,030 Vermont
74%
34,766 Colorado
71%
22,113 New Jersey
71%
84,205 Wisconsin
68%
2,476 District of Columbia
58%
7,165 Montana
58%
No matching quizzes found
Score Distribution
Percent of People with Each Score
Percentile by Number Answered
Your Score History
You have not taken this quiz